Central Library OPAC University of Rajshahi

Systematic qualitative analysis : (Record no. 57201)

MARC details
000 -LEADER
fixed length control field 00683nam a2200217 a 4500
001 - CONTROL NUMBER
control field 57201
003 - CONTROL NUMBER IDENTIFIER
rucl marc code BD-RjUL
005 - DATE AND TIME OF LATEST TRANSACTION
control field 20211209080459.0
008 - FIXED-LENGTH DATA ELEMENTS--GENERAL INFORMATION
fixed length control field 161206r19571939nyu 000 0 eng d
035 ## - SYSTEM CONTROL NUMBER
System control number (BD-RjUL)57325
040 ## - CATALOGING SOURCE
Original cataloging agency BD-RjUL
Language of cataloging eng
Transcribing agency BD-RjUL
041 ## - LANGUAGE CODE
Language code of text/sound track or separate title eng
082 ## - DEWEY DECIMAL CLASSIFICATION NUMBER
Edition number 23
Classification number 547
Author mark and year CAS 1957
100 1# - MAIN ENTRY--PERSONAL NAME
Personal name Caven, R. M.
Fuller form of name (Robert Martin),
Dates associated with a name 1870-1934.
9 (RLIN) 169876
245 10 - TITLE STATEMENT
Title Systematic qualitative analysis :
Remainder of title for students of inorganic chemistry /
Statement of responsibility, etc. by R.M. Caven
260 ## - PUBLICATION, DISTRIBUTION, ETC. (IMPRINT)
Place of publication, distribution, etc. London :
Name of publisher, distributor, etc. Blackie,
Date of publication, distribution, etc. 1939 [Reprinted1940-1957]
300 ## - PHYSICAL DESCRIPTION
Pagination xxiv, 243 p. ;
Size 21 cm
650 ## - SUBJECT ADDED ENTRY--TOPICAL TERM
Topical term or geographic name as entry element Chemistry, Inorganic.
9 (RLIN) 117207
Topical term or geographic name as entry element Chemistry, Analytic
9 (RLIN) 169882
942 ## - ADDED ENTRY ELEMENTS (KOHA)
Source of classification or shelving scheme Dewey Decimal Classification
Koha item type Books
Holdings
Lost status Source of classification or shelving scheme Damaged status Not for loan Collection code Permanent Location Current Location Shelving location Date acquired Source of acquisition Total Checkouts Full call number Date last seen Copy number Koha item type
  Dewey Decimal Classification   Not For Loan Non-fiction Central Library, University of Rajshahi Central Library, University of Rajshahi Reading Room 29/11/1958 comilla palli   547 CAS 1957 06/12/2016 C-1 Books